000 00501nam a2200193Ia 4500
003 OSt
005 20240925152328.0
008 240126s9999 xx 000 0 und d
020 _a9780674975651
040 _c0
041 _aEnglish
082 _a320.5 BAI;1 R
100 _aBailyn, Bernard.
245 4 _aThe ideological origins of the American revolution
260 _bThe Belknap Press of Harvard University Press
_aLondon
300 _axxxiv, 396
440 _aNULL
942 _cLL
_2ddc
999 _c291335
_d291335